| 000 | 00389nam a2200157 i 4500 | ||
|---|---|---|---|
| 001 | bg | ||
| 245 | 0 | _aInterger and nonlinear programming editior. | |
| 260 |
_aAmsterdam : _bNorth-Holland Publishing Company, _c1970. |
||
| 020 | _a720420369 | ||
| 040 | _cBPK | ||
| 041 | _apol | ||
| 080 | _a519.85 | ||
| 920 | _a7204-2036-9 | ||
| 942 | _cKS | ||
| 008 | s pl f |000 0 pol | ||
| 999 |
_c15634 _d15634 |
||
| 856 |
_uhttp://koha.tu.koszalin.pl/cgi-bin/koha/opac-detail.pl?biblionumber=15634 _yKatalog online BPK |
||